00657nam a2200193 a 450000100100000000500170001000800410002702000150006804000250008308200230010810000380013124500410016926000740021030000200028453300760030450000330038065000230041365000270043600002023920240412074249.0100730s2004 dr r 000 j spa d a9993484377 aDO-SdBNPbspacBNPHU aA863.2bE18m, 20041 aEcheverría, Esteban,d1805-185113aEl matadero /cEsteban Echeverría. aSan Pedro de Macorís, República Dominicana :bEdiciones D,c2004. a71 p. ;c17 cm. aReproducción de la edición publicada en: Argentina: Kapelusz, 1963. aPrimera edición dominicana 4aCuentos argentinos 0aLiteratura dominicana.